000 00464nam a2200169 i 4500
001 102653
003 ES-MaACL
005 20230906183143.0
007 t|
008 051124s1981 pr ||||1| spa d
080 _a821.134.2(729.5)-14"19"
100 1 _aArana-Soto, S.
_922263
245 1 0 _aPrimeros versos /
_cS. Arana Soto.
260 _aSan Juan, Puerto Rico :
_b[el autor],
_c1981.
300 _a105 p. ;
_c22 cm.
852 _aES-MaACL
_jE-11132
_bR.136833
999 _c102653
_d102653